000 00594nam a22001937a 4500
005 20251108164954.0
008 250721s1995 xx 000 0 ara d
082 1 4 _a214.1/تيم
100 1 _aإبن تيميه، أحمد عبد الحليم
245 1 0 _aعرش الرحمن /
264 1 _aبيروت :
_bدار العلوم العربيه،
_c1995.
300 _a112ص
650 1 7 _aالإسلام
650 1 7 _aأصول الدين الإسلامي
650 1 7 _aالتوحيد
700 1 _aالسيروان، عبد العزيز
_eتحقيق
942 _2ddc
_cBK
999 _c18752
_d18752